Trumpet - Instrument Quiz - Statistics

General Stats
  • This quiz has been taken 357 times
  • The average score is 8 of 12
Answer Stats
Hint Answer % Correct
Which family of instruments does the trumpet belong to? Brass
98%
How many valves can be found on a trumpet? Three
98%
Gold and silver trumpets were found in the tomb of which famous pharaoh? Tutankhamun
82%
What device can be fitted to a trumpet to alter it's sound? Mute
74%
Which 20th century jazz artist, nicknamed 'Satchmo,' was known for his skill on the trumpet? Louis Armstrong
71%
Which instrument, distinguished by its conical bore, is often mistaken for the trumpet? Cornet
69%
And which has the lowest? Bass trumpet
62%
In which U.S. city can a statue of the above be found? New Orleans
62%
What is the most commonly used type of trumpet? B♭ Trumpet
57%
Which type of trumpet has the highest range? Piccolo trumpet
48%
What is the name of the extended technique that involves sliding smoothly between notes? Glissando
40%
The herald trumpet goes by which other name? Fanfare trumpet
17%
No matching quizzes found
Score Distribution
Percent of People with Each Score
Percentile by Number Answered
Your Score History
You have not taken this quiz